000 01224nam a22003377a 4500
003 CHAP
005 20220329140900.0
008 971013s r 00010 d
010 _a59225
011 _a60197
035 _a64357
040 _cCHAP
082 _a338.981
_bP7
110 _aPrograma Nacional de Pesquisa Agropecuaria. Brasil
_992344
245 _aPlano anual de trabalho, 19 - .
260 _aBrasilia :
_bEmpresa Brasileira de Pesquisa Agropecuaria,
_c19 - .
300 _av.
500 _aLa biblioteca tiene: 1976, 1979
590 _aBATCH-UPD
_b10
_c20130110
_lUCH01
_h2114
590 _aBATCH-UPD
_b10
_c20130410
_lUCH01
_h1424
590 _aBATCH-UPD
_b10
_c20130914
_lUCH01
_h1459
590 _aCONVERSION
_b10
_c20130109
_lUCH01
_h1332
650 1 4 _aAgricultura
_xInvestigacion
_xBrasil.
_91593
650 1 4 _aGanadería
_xInvestigación
_xBrasil.
_944762
650 1 4 _aPolítica agrícola
_xBrasil.
_990292
901 _aBK
942 _cLIBRO
949 _a338.981 P7
_bBC
_cLIBRO
_d33724000384590
_eLIBRO
_f1976
_h42382
_i64357
_mD
_si
949 _a338.981 P7
_bBC
_cLIBRO
_d33724000384608
_eLIBRO
_f1979
_h47799
_i64357
_sb
949 _a338.981 P7
_bBC
_cLIBRO
_d33724000384707
_eLIBRO
_f1979 c.2
_h47800
_i64357
_mD
_si
999 _c59225
_d59225